• 首页
  • 本馆介绍
  • 公告通知
  • 最新文献
  • 馆藏检索
  • 电子资源
  • 读者导购
  • 参考咨询
  • 我的图书馆
  • 登录
  • 详细信息显示
  • 放入我的书架
  • 预约/预借图书
  • 作者相关作品
  • 分类相关作品
  • 丛书相关作品
  • 出版社相关作品

书目信息

  • 表格格式
  • 工作单格式
  • 卡片格式
题名:
各国共产党和工人党批判南共现代修正主义文选
    
 
作者: ;世界知识出版社 编辑
分册: 第二辑  
出版信息: 北京   世界知识出版社  1958
页数: 90页
开本: 19cm
丛书名: 各国共主义政党文丛
单 册:
中图分类: D181
科图分类:
主题词:
电子资源:
ISBN: 3003.369
000 00861cam2 2200253 450
001 0105443548
005 20070110110135.0
010    @a3003.369@dCNY0.26
091    @a3003.369@dCNY0.26
100    @a19961012d1958 em y0chiy0110 ea
101 0  @achi
102    @aCN@b110000
105    @ay z 000yy
106    @ar
200 1  @a各国共产党和工人党批判南共现代修正主义文选@9Ge Guo Gong Chan Dang He;Huo;Hu Gong Ren Dang Pi Pan Nan;Na Gong Xian Dai Xiu Zheng Zhu Yi Wen Xuan @f世界知识出版社编辑@h第二辑@b专著
210    @a北京@c世界知识出版社@d1958
215    @a90页@d19cm
225 2  @a各国共主义政党文丛
410  0 @12001 @a各国共主义政党文丛
601 02 @a南斯拉夫共产主义者联盟@x现代修正主义@x批判@x文集
690    @aD181@v3
711 02 @a世界知识出版社@9shi jie zhi shi chu ban she@4编辑
801  0 @aCN@bAiZhiMarc
905    @aBZT@dD181@e2@f2@sD181/2
    
    各国共产党和工人党批判南共现代修正主义文选/世界知识出版社编辑.第二辑.-北京:世界知识出版社,1958
    90页;19cm.-(各国共主义政党文丛)
    
    
    ISBN 3003.369:CNY0.26
    
●
相关链接 在五车中查询图书 在当当中查询图书 在豆瓣中查询图书


正题名:各国共产党和工人党批判南共现代修正主义文选     索取号:D181/2         预约/预借

序号 登录号 条形码 馆藏地/架位号 状态 备注
1 2000076903   2000076903   旧书回溯/ [索取号:D181/2] 在馆    
2 2000133957   2000133957   旧书回溯/ [索取号:D181/2] 在馆    
山东省滨州职业学院图书馆 欢迎您!
大连网信软件有限公司© 版权所有